[Event "Aurora Summer op"]
[Site "Aurora CAN"]
[Date "2013.07.07"]
[Round "5.5"]
[White "Ivanov, Mike"]
[Black "Derraugh, Geordie"]
[Result "0-1"]
[WhiteElo "2252"]
[BlackElo "2297"]
[WhiteFideId "-1"]
[WhiteFideId "-1"]
[PlyCount "92"]
[GameId "2160767909339154"]
[EventDate "2013.07.06"]
[EventType "swiss"]
[EventRounds "5"]
[EventCountry "CAN"]
[SourceTitle "EXT 2022"]
[Source "ChessBase"]
[SourceDate "2021.10.06"]
[SourceVersion "1"]
[SourceVersionDate "2021.10.06"]
[SourceQuality "1"]

1. e4 c5 2. Nf3 d6 3. b4 cxb4 4. d4 g6 5. a3 bxa3 6. Bd3 Bg7 7. h3 Nd7 8. Nxa3 Ngf6 9. Nb5 a6 10. e5 dxe5 11. dxe5 Ng8 12. Bf4 Nc5 13. Bc4 Bd7 14. Nbd4 e6 15. O-O Ne7 16. Re1 Rc8 17. Bg5 h6 18. Be3 Qc7 19. Nb3 Na4 20. Bd3 Nc3 21. Qd2 Nf5 22. Bc5 Na4 23. Bb4 b5 24. Rac1 Nb2 25. Nc5 Bc6 26. Nxa6 Qb6 27. Bxf5 gxf5 28. Qd4 Qxa6 29. Qxb2 Bxf3 30. gxf3 Rg8 31. Kh2 Qb6 32. Re2 Rc4 33. c3 Qc6 34. Bd6 Rh4 35. Rg1 Rxh3+ 36. Kxh3 Qxf3+ 37. Kh2 Bxe5+ 38. Rg3 Bxd6 39. Qxb5+ Ke7 40. Re3 Bxg3+ 41. fxg3 Qxe3 42. Qb4+ Kf6 43. Qh4+ Kg6 44. Qe7 Ra8 45. Qh4 Ra2+ 46. Kh3 Qg1 0-1

[Event "Kitchener Winter op"]
[Site "Kitchener CAN"]
[Date "2013.03.09"]
[Round "3"]
[White "Ivanov, Mike"]
[Black "Pan, Neal"]
[Result "1-0"]
[WhiteElo "2221"]
[BlackElo "1956"]
[WhiteFideId "-1"]
[WhiteFideId "-1"]
[PlyCount "99"]
[GameId "2160767909381336"]
[EventDate "2013.03.09"]
[EventType "swiss"]
[EventRounds "5"]
[EventCountry "CAN"]
[SourceTitle "EXT 2015"]
[Source "ChessBase"]
[SourceDate "2014.11.20"]
[SourceVersion "1"]
[SourceVersionDate "2014.11.20"]
[SourceQuality "1"]

1. e4 d6 2. Nc3 Nf6 3. d4 g6 4. Be3 Bg7 5. f3 O-O 6. Qd2 c6 7. Bd3 Nbd7 8. Nge2 b5 9. O-O Nb6 10. b3 Bd7 11. Nd1 Qc7 12. Nf2 c5 13. c3 Rac8 14. Rac1 a5 15. Bh6 Qa7 16. g4 c4 17. bxc4 Nxc4 18. Qg5 Nb2 19. Kh1 Rb8 20. Rg1 Rfc8 21. Ng3 Bh8 22. Nf5 Be8 23. Bb1 Na4 24. e5 dxe5 25. dxe5 Rxc3 26. exf6 Bxf6 27. Qd2 Rxc1 28. Rxc1 gxf5 29. gxf5 Qd4 30. Nd3 Nc3 31. Qg2+ Kh8 32. Qg3 Rd8 33. Rg1 Bc6 34. Nf4 Qe5 35. Bd3 b4 36. Bc4 Bd5 37. Nxd5 Qxg3 38. hxg3 Nxd5 39. Rd1 e6 40. fxe6 fxe6 41. Re1 e5 42. f4 exf4 43. Bxd5 Bc3 44. Re7 fxg3 45. Kg2 Bf6 46. Rf7 Be5 47. Bb3 Re8 48. Ra7 Bd4 49. Rxa5 Be5 50. Bc4 1-0

[Event "Kitchener Winter op"]
[Site "Kitchener CAN"]
[Date "2013.03.10"]
[Round "5"]
[White "Peng, Jackie"]
[Black "Ivanov, Mike"]
[Result "0-1"]
[WhiteElo "2205"]
[BlackElo "2221"]
[WhiteFideId "-1"]
[WhiteFideId "-1"]
[PlyCount "88"]
[GameId "2160767909381354"]
[EventDate "2013.03.09"]
[EventType "swiss"]
[EventRounds "5"]
[EventCountry "CAN"]
[SourceTitle "EXT 2015"]
[Source "ChessBase"]
[SourceDate "2014.11.20"]
[SourceVersion "1"]
[SourceVersionDate "2014.11.20"]
[SourceQuality "1"]

1. e4 d5 2. exd5 Nf6 3. d4 Nxd5 4. Nf3 g6 5. c4 Nb6 6. Nc3 Bg7 7. c5 Nd5 8. Bc4 Nxc3 9. bxc3 O-O 10. O-O b6 11. Re1 bxc5 12. Bg5 Bf6 13. Bxf6 exf6 14. Qe2 Bd7 15. dxc5 Re8 16. Qd2 Nc6 17. Qd5 Rxe1+ 18. Rxe1 Be8 19. Nd4 Nxd4 20. cxd4 Qxd5 21. Bxd5 Rd8 22. Bb3 Kf8 23. d5 Rb8 24. c6 f5 25. f4 Rd8 26. Kf2 a5 27. a4 Rb8 28. Re3 Rb4 29. g3 Rd4 30. Ke2 f6 31. Rd3 Re4+ 32. Kd2 Ke7 33. d6+ cxd6 34. c7 Kd7 35. Rc3 Kc8 36. Bc4 Kxc7 37. Bd5+ Kb6 38. Bxe4 fxe4 39. Ke3 f5 40. Kd4 Bxa4 41. Kd5 Kb5 42. Rc8 Kb4 43. Kxd6 e3 44. Rc7 e2 0-1

[Event "Wch U16"]
[Site "Caldas Novas BRA"]
[Date "2011.11.18"]
[Round "1.1"]
[White "Ivanov, Mike"]
[Black "Andersen, Mads"]
[Result "0-1"]
[WhiteElo "1991"]
[BlackElo "2384"]
[WhiteFideId "-1"]
[WhiteFideId "-1"]
[PlyCount "101"]
[GameId "2130307702685309"]
[EventDate "2011.11.18"]
[EventType "swiss"]
[EventRounds "9"]
[EventCountry "BRA"]

1. e4 c5 2. Nc3 a6 3. a4 Nc6 4. g3 g6 5. Bg2 Bg7 6. d3 d6 7. Be3 Rb8 8. Qd2 b5 9. axb5 axb5 10. Nge2 b4 11. Nd1 Nd4 12. O-O e5 13. Nc1 Ne7 14. c3 bxc3 15. bxc3 Ne6 16. Bh6 O-O 17. Bxg7 Kxg7 18. Ne3 f5 19. exf5 gxf5 20. f4 exf4 21. gxf4 d5 22. Ra7 Rb7 23. Rxb7 Bxb7 24. Ne2 Ba6 25. Rd1 Qd6 26. c4 d4 27. Nd5 Nxd5 28. Bxd5 Nc7 29. Bf3 Kh8 30. Re1 Ne6 31. Kh1 Bc8 32. Rg1 Bd7 33. Qe1 Qe7 34. Qg3 Qf6 35. Bd5 Re8 36. Rg2 Qh6 37. h4 Qf6 38. Kg1 Rb8 39. Kh2 h6 40. Ng1 Ng7 41. Kh3 Kh7 42. Nf3 Nh5 43. Qh2 Re8 44. Ne5 Rxe5 45. fxe5 f4+ 46. e6 Bxe6+ 47. Rg4 Bxg4+ 48. Kxg4 Qg6+ 49. Kh3 Qxd3+ 50. Kg4 Ng7 51. Qxf4 0-1

[Event "Wch U16"]
[Site "Caldas Novas BRA"]
[Date "2011.11.23"]
[Round "6.1"]
[White "Igambergenov, Alibek"]
[Black "Ivanov, Mike"]
[Result "1-0"]
[WhiteElo "2259"]
[BlackElo "1991"]
[WhiteFideId "-1"]
[WhiteFideId "-1"]
[PlyCount "66"]
[GameId "2130307702689496"]
[EventDate "2011.11.18"]
[EventType "swiss"]
[EventRounds "9"]
[EventCountry "BRA"]

1. d4 Nf6 2. c4 g6 3. Nc3 Bg7 4. Nf3 O-O 5. Bg5 d6 6. e3 Nbd7 7. Qc2 c6 8. Be2 Qc7 9. O-O e5 10. Rad1 h6 11. dxe5 dxe5 12. Bh4 g5 13. Bg3 Nh5 14. b4 f5 15. Nd2 Nxg3 16. hxg3 Nf6 17. c5 Be6 18. Bc4 Qf7 19. Qb3 Rfe8 20. Bxe6 Qxe6 21. Nc4 Bf8 22. Nd6 Bxd6 23. Rxd6 Qxb3 24. axb3 Kf7 25. b5 cxb5 26. Nxb5 Rec8 27. b4 a6 28. Na3 b5 29. cxb6 Rab8 30. b5 a5 31. Rc6 Nd5 32. Nc4 Rxc6 33. bxc6 Nf6 1-0

[Event "Thanksgiving op"]
[Site "Toronto CAN"]
[Date "2011.10.08"]
[Round "3"]
[White "Ivanov, Mike"]
[Black "Kleinman, Michael"]
[Result "0-1"]
[WhiteElo "2178"]
[BlackElo "2385"]
[WhiteFideId "-1"]
[WhiteFideId "-1"]
[PlyCount "61"]
[GameId "2160767909648011"]
[EventDate "2011.10.08"]
[EventType "swiss"]
[EventRounds "6"]
[EventCountry "CAN"]
[SourceTitle "EXT 2022"]
[Source "ChessBase"]
[SourceDate "2021.10.06"]
[SourceVersion "1"]
[SourceVersionDate "2021.10.06"]
[SourceQuality "1"]

1. Nc3 d5 2. e4 dxe4 3. Nxe4 Nf6 4. Nxf6+ exf6 5. Nf3 Bd6 6. d4 O-O 7. Bd3 Re8+ 8. Be3 Bg4 9. Qd2 c5 10. dxc5 Bxc5 11. O-O-O Bxe3 12. fxe3 Qb6 13. Qf2 Bh5 14. Rhe1 Nc6 15. Qh4 Bg6 16. Bxg6 hxg6 17. Nd4 Ne5 18. Nb3 Rac8 19. Rd4 Qc6 20. Qf2 Nc4 21. Rd3 a5 22. Rc3 Qa4 23. Qf4 Qb5 24. a4 Qxa4 25. Rd1 Qb4 26. Rd4 b5 27. h4 a4 28. g4 a3 29. Rdd3 axb2+ 30. Kb1 Ra8 31. Qf3 0-1

[Event "Thanksgiving op"]
[Site "Toronto CAN"]
[Date "2011.10.09"]
[Round "4"]
[White "Shebetah, Wajdy"]
[Black "Ivanov, Mike"]
[Result "1/2-1/2"]
[WhiteElo "2124"]
[BlackElo "2178"]
[WhiteFideId "-1"]
[WhiteFideId "-1"]
[PlyCount "54"]
[GameId "2160767909648018"]
[EventDate "2011.10.08"]
[EventType "swiss"]
[EventRounds "6"]
[EventCountry "CAN"]

1. e4 e6 2. Nf3 d5 3. Nc3 Nf6 4. e5 Nfd7 5. d4 c5 6. Bf4 a6 7. dxc5 Bxc5 8. Bd3 Nc6 9. a3 Qc7 10. Qe2 b5 11. Bg3 Bb7 12. Nxd5 Qa5+ 13. Nc3 b4 14. Ne4 bxa3+ 15. Nfd2 Ncxe5 16. O-O Be7 17. bxa3 Qd5 18. f3 Nxd3 19. Qxd3 Qxd3 20. cxd3 O-O 21. Bd6 Bxd6 22. Nxd6 Bd5 23. d4 Rfd8 24. N6e4 Rac8 25. Rfc1 Nb6 26. Nc5 a5 27. Rab1 Rc6 1/2-1/2

[Event "Thanksgiving op"]
[Site "Toronto CAN"]
[Date "2011.10.09"]
[Round "5"]
[White "Ivanov, Mike"]
[Black "Ferreira, Alex"]
[Result "0-1"]
[WhiteElo "2178"]
[BlackElo "2048"]
[WhiteFideId "-1"]
[WhiteFideId "-1"]
[PlyCount "108"]
[GameId "2160767909648023"]
[EventDate "2011.10.08"]
[EventType "swiss"]
[EventRounds "6"]
[EventCountry "CAN"]
[SourceTitle "EXT 2022"]
[Source "ChessBase"]
[SourceDate "2021.10.06"]
[SourceVersion "1"]
[SourceVersionDate "2021.10.06"]
[SourceQuality "1"]

1. e4 e5 2. Nc3 Nf6 3. f4 d5 4. fxe5 Nxe4 5. Qf3 Nxc3 6. dxc3 Bc5 7. Bf4 c6 8. Bd3 Qb6 9. O-O-O Be6 10. Qg3 Nd7 11. Nf3 O-O-O 12. Ng5 Nf8 13. Rhf1 h6 14. Nxe6 Nxe6 15. Bd2 Qc7 16. Rf3 b5 17. Rdf1 Rd7 18. h4 Re8 19. Bf5 Bf8 20. Bh7 Kb7 21. Bg8 Nd8 22. e6 Qxg3 23. exd7 Qxf3 24. dxe8=Q Qxf1+ 25. Be1 Qf4+ 26. Kd1 Qg4+ 27. Kc1 Qf4+ 28. Kb1 Qd6 29. Bxf7 Nxf7 30. Qxf7+ Qe7 31. Qf2 Qe6 32. Bd2 Bd6 33. Qf3 Be7 34. h5 Bf6 35. Kc1 d4 36. cxd4 Qxa2 37. c3 a5 38. Qf5 Qf7 39. Kd1 Qb3+ 40. Kc1 Qf7 41. g4 Qe7 42. d5 Qd6 43. dxc6+ Qxc6 44. Kd1 a4 45. Ke2 Qc4+ 46. Kd1 Qc6 47. Qf4 Qd5 48. Qb4 Bg5 49. c4 Qxc4 50. Qxc4 bxc4 51. Bc3 Bf6 52. Kc2 Kc6 53. Kb1 Bxc3 54. bxc3 Kd5 0-1

[Event "Thanksgiving op"]
[Site "Toronto CAN"]
[Date "2011.10.10"]
[Round "6"]
[White "Campos Tores, Jose Luis"]
[Black "Ivanov, Mike"]
[Result "0-1"]
[WhiteElo "1823"]
[BlackElo "2178"]
[WhiteFideId "-1"]
[WhiteFideId "-1"]
[PlyCount "62"]
[GameId "2160767909648028"]
[EventDate "2011.10.08"]
[EventType "swiss"]
[EventRounds "6"]
[EventCountry "CAN"]
[SourceTitle "EXT 2022"]
[Source "ChessBase"]
[SourceDate "2021.10.06"]
[SourceVersion "1"]
[SourceVersionDate "2021.10.06"]
[SourceQuality "1"]

1. d4 Nf6 2. c4 g6 3. Nf3 Bg7 4. Nc3 O-O 5. g3 d6 6. Bg2 Nc6 7. O-O Bg4 8. e3 e5 9. dxe5 Nxe5 10. e4 Nxc4 11. Qb3 Nb6 12. e5 dxe5 13. Nxe5 Be6 14. Qc2 Qc8 15. Rd1 c6 16. Re1 Nfd5 17. Na4 Nb4 18. Qc5 Nxa2 19. Nxb6 axb6 20. Qxb6 Nxc1 21. Raxc1 Ra6 22. Qc5 Qc7 23. b4 Re8 24. b5 Ra5 25. Qb4 Bf8 26. Qb2 Ba3 27. Qc3 Bxc1 28. Ng4 Bg5 29. h4 h5 30. hxg5 hxg4 31. Re5 Rc8 0-1

[Event "Labour Day op"]
[Site "Toronto CAN"]
[Date "2011.09.03"]
[Round "1"]
[White "Ivanov, Mike"]
[Black "Sambuev, Bator"]
[Result "1-0"]
[WhiteElo "2146"]
[BlackElo "2700"]
[WhiteFideId "-1"]
[WhiteFideId "-1"]
[PlyCount "58"]
[GameId "2160767909648910"]
[EventDate "2011.09.03"]
[EventType "swiss"]
[EventRounds "6"]
[EventCountry "CAN"]

1. e4 c5 2. Nc3 Nc6 3. g3 g6 4. Bg2 Bg7 5. Nge2 d6 6. d3 Bd7 7. Be3 Nd4 8. Qd2 Rc8 9. O-O h5 10. f4 h4 11. f5 gxf5 12. Rae1 Nxe2+ 13. Qxe2 hxg3 14. hxg3 Be5 15. Qf3 Nf6 16. exf5 Bc6 17. Ne4 Bxe4 18. dxe4 Rg8 19. Bf4 Bxb2 20. c3 Ng4 21. Bh3 Nf6 22. e5 dxe5 23. Bxe5 Rc6 24. Rb1 Nd7 25. Rfd1 Rb6 26. f6 e6 27. Rxb2 Rxb2 28. Bxe6 Rg5 29. Rxd7 Qb6 1-0

[Event "CAN-op (Pinnacle 48th CAN Op Ch)"]
[Site "Toronto CAN"]
[Date "2011.07.09"]
[Round "1"]
[White "Ivanov, Mike"]
[Black "Noritsyn, Nikolay"]
[Result "0-1"]
[WhiteElo "1934"]
[BlackElo "2425"]
[WhiteFideId "-1"]
[WhiteFideId "-1"]
[PlyCount "110"]
[GameId "2160767909706957"]
[EventDate "2011.07.09"]
[EventType "swiss"]
[EventRounds "9"]
[EventCountry "CAN"]
[SourceTitle "CBM 143 Extra"]
[Source "ChessBase"]
[SourceDate "2011.08.29"]
[SourceVersion "1"]
[SourceVersionDate "2011.08.29"]
[SourceQuality "1"]

1. Nf3 c5 2. b3 Nc6 3. Bb2 d6 4. g3 e5 5. d3 g6 6. Bg2 Bg7 7. O-O Nge7 8. c4 O-O 9. Ne1 d5 10. Nc3 d4 11. Nd5 Nxd5 12. Bxd5 Bh3 13. Ng2 Qd7 14. Re1 Rad8 15. e4 Nb4 16. f4 Nxd5 17. exd5 f6 18. Qf3 Bg4 19. Qf1 Rfe8 20. Rac1 Bf5 21. Nh4 Bh3 22. Ng2 g5 23. Qf3 Bg4 24. Qf1 Bf5 25. Qf3 h6 26. fxe5 fxe5 27. Rf1 Rf8 28. Rce1 Rde8 29. Qd1 b5 30. Ba3 b4 31. Bc1 e4 32. dxe4 Rxe4 33. Rxe4 Bxe4 34. Rxf8+ Bxf8 35. Qe2 Qf5 36. Ne1 Bb1 37. a3 a5 38. axb4 axb4 39. g4 Qe4 40. Kf2 Qxe2+ 41. Kxe2 Ba2 42. Nd3 Bxb3 43. Nb2 Bc2 44. Nd3 Bd6 45. h3 Kf7 46. Bd2 Kf6 47. Be1 Ba4 48. Nf2 Bc2 49. Nd3 Kg6 50. Kd2 Bb3 51. Nb2 Bf4+ 52. Kd3 Bc1 53. Bg3 Bxb2 54. Bd6 Bc3 55. Bxc5 Ba4 0-1

[Event "CAN-op (Pinnacle 48th CAN Op Ch)"]
[Site "Toronto CAN"]
[Date "2011.07.10"]
[Round "2"]
[White "Zhang, Yuanchen"]
[Black "Ivanov, Mike"]
[Result "1-0"]
[WhiteElo "1725"]
[BlackElo "1934"]
[WhiteFideId "-1"]
[WhiteFideId "-1"]
[PlyCount "95"]
[GameId "2160767909707067"]
[EventDate "2011.07.09"]
[EventType "swiss"]
[EventRounds "9"]
[EventCountry "CAN"]
[SourceTitle "CBM 143 Extra"]
[Source "ChessBase"]
[SourceDate "2011.08.29"]
[SourceVersion "1"]
[SourceVersionDate "2011.08.29"]
[SourceQuality "1"]

1. d4 Nf6 2. c4 g6 3. Nc3 Bg7 4. e4 d6 5. Nf3 O-O 6. Be2 e5 7. dxe5 dxe5 8. Qxd8 Rxd8 9. Bg5 Re8 10. Nd5 Nxd5 11. cxd5 f5 12. Nd2 h6 13. Be3 b6 14. f3 Ba6 15. Rc1 Re7 16. Bc4 Kf8 17. O-O f4 18. Bf2 Bb7 19. Rfd1 Nd7 20. Bb5 Nf6 21. Nb3 a6 22. Bc6 Rb8 23. Bxb7 Rxb7 24. d6 Rd7 25. dxc7 Rxd1+ 26. Rxd1 Rxc7 27. Bxb6 Rc2 28. Rd2 Rc6 29. Bc5+ Ke8 30. Rd6 Rxd6 31. Bxd6 Nd7 32. Nc5 Nxc5 33. Bxc5 Kd7 34. Kf2 Bf6 35. Ke2 Kc6 36. Bf8 h5 37. Kd3 a5 38. Kc4 Bd8 39. a3 Bb6 40. b4 axb4 41. axb4 Bd4 42. Bc5 Be3 43. b5+ Kc7 44. Kd5 h4 45. h3 Kb7 46. Bd6 Kb6 47. Kxe5 Bf2 48. Kf6 1-0

[Event "CAN-op (Pinnacle 48th CAN Op Ch)"]
[Site "Toronto CAN"]
[Date "2011.07.11"]
[Round "3"]
[White "Ivanov, Mike"]
[Black "Posaratnanathan, Juliaan"]
[Result "1-0"]
[WhiteElo "1934"]
[BlackElo "1838"]
[WhiteFideId "-1"]
[WhiteFideId "-1"]
[PlyCount "87"]
[GameId "2160767909707095"]
[EventDate "2011.07.09"]
[EventType "swiss"]
[EventRounds "9"]
[EventCountry "CAN"]
[SourceTitle "CBM 143 Extra"]
[Source "ChessBase"]
[SourceDate "2011.08.29"]
[SourceVersion "1"]
[SourceVersionDate "2011.08.29"]
[SourceQuality "1"]

1. e4 c5 2. Nc3 Nc6 3. g3 g6 4. Bg2 Bg7 5. Nge2 d6 6. d3 Rb8 7. Be3 b5 8. Qd2 b4 9. Nd1 Nd4 10. O-O Nxe2+ 11. Qxe2 Nf6 12. f4 O-O 13. f5 Nd7 14. Qd2 Ne5 15. Bh6 Nc6 16. Bxg7 Kxg7 17. Ne3 Ne5 18. Nd5 Bb7 19. Nxe7 f6 20. Nd5 Bxd5 21. exd5 Rf7 22. fxg6 hxg6 23. h3 Qh8 24. Rf4 Qh6 25. Raf1 a5 26. R1f2 a4 27. Rxf6 Qxd2 28. Rxf7+ Nxf7 29. Rxd2 b3 30. cxb3 axb3 31. a3 Ne5 32. Be4 Ra8 33. d4 Nc4 34. Rd3 cxd4 35. Rxb3 Ne3 36. Kf2 Re8 37. Bf3 Re5 38. Rd3 Nxd5 39. Rxd4 Nb6 40. Rxd6 Nc4 41. Rd5 Rxd5 42. Bxd5 Nxb2 43. Ke3 Kf6 44. Bb3 1-0

[Event "CAN-op (Pinnacle 48th CAN Op Ch)"]
[Site "Toronto CAN"]
[Date "2011.07.12"]
[Round "4"]
[White "Cohen, Lawrence S"]
[Black "Ivanov, Mike"]
[Result "1/2-1/2"]
[WhiteElo "2001"]
[BlackElo "1934"]
[WhiteFideId "-1"]
[WhiteFideId "-1"]
[PlyCount "84"]
[GameId "2160767909707154"]
[EventDate "2011.07.09"]
[EventType "swiss"]
[EventRounds "9"]
[EventCountry "CAN"]
[SourceTitle "CBM 143 Extra"]
[Source "ChessBase"]
[SourceDate "2011.08.29"]
[SourceVersion "1"]
[SourceVersionDate "2011.08.29"]
[SourceQuality "1"]

1. c4 g6 2. g3 Bg7 3. Bg2 Nc6 4. Nc3 e5 5. e3 Nge7 6. Nge2 O-O 7. O-O d6 8. d4 f5 9. d5 Nb8 10. e4 Nd7 11. Be3 Nf6 12. Qd2 Ng4 13. Bg5 h6 14. h3 hxg5 15. hxg4 f4 16. f3 Bd7 17. b4 a5 18. b5 Qb8 19. Na4 Qa7+ 20. Kh2 Kf7 21. Bh3 Rh8 22. Kg2 Ng8 23. Nec3 b6 24. Rh1 Nf6 25. Rh2 Rh6 26. Rah1 Rah8 27. Nd1 Qa8 28. Nf2 Qd8 29. Nc3 Bc8 30. a4 Nd7 31. Nd3 Qf6 32. Qf2 R8h7 33. Kg1 Bf8 34. Ne2 Qh8 35. Bf1 fxg3 36. Qxg3 Rh4 37. Nc3 Nf6 38. Be2 Nd7 39. Nd1 Qf6 40. Ne3 Nc5 41. Nxc5 dxc5 42. Ng2 Rxh2 1/2-1/2

[Event "CAN-op (Pinnacle 48th CAN Op Ch)"]
[Site "Toronto CAN"]
[Date "2011.07.13"]
[Round "5"]
[White "Ivanov, Mike"]
[Black "Finlay, Ian"]
[Result "1-0"]
[WhiteElo "2100"]
[BlackElo "1984"]
[WhiteFideId "-1"]
[WhiteFideId "-1"]
[PlyCount "29"]
[GameId "2160767909707245"]
[EventDate "2011.07.09"]
[EventType "swiss"]
[EventRounds "9"]
[EventCountry "CAN"]

1. e4 c5 2. Nc3 Nc6 3. f4 e6 4. Nf3 g6 5. Bb5 Bg7 6. Bxc6 bxc6 7. O-O Bd4+ 8. Kh1 Ba6 9. d3 Rb8 10. f5 Nf6 11. fxe6 dxe6 12. Nxd4 Qxd4 13. Qf3 c4 14. Be3 Qd7 15. Qxf6 1-0

[Event "CAN-op (Pinnacle 48th CAN Op Ch)"]
[Site "Toronto CAN"]
[Date "2011.07.14"]
[Round "6"]
[White "Demmery, Steve"]
[Black "Ivanov, Mike"]
[Result "0-1"]
[WhiteElo "2092"]
[BlackElo "1934"]
[WhiteFideId "-1"]
[WhiteFideId "-1"]
[PlyCount "179"]
[GameId "2160767909707303"]
[EventDate "2011.07.09"]
[EventType "swiss"]
[EventRounds "9"]
[EventCountry "CAN"]
[SourceTitle "CBM 143 Extra"]
[Source "ChessBase"]
[SourceDate "2011.08.29"]
[SourceVersion "1"]
[SourceVersionDate "2011.08.29"]
[SourceQuality "1"]

1. d4 Nf6 2. Bf4 g6 3. e3 Bg7 4. h3 d6 5. Nf3 O-O 6. Nbd2 Nbd7 7. Bc4 a6 8. a4 Qe8 9. O-O e5 10. Bh2 e4 11. Ne1 Nb6 12. Bb3 Be6 13. c4 Rd8 14. Qb1 a5 15. Qa2 Qe7 16. Rc1 c5 17. Nc2 Na8 18. Na3 Nc7 19. Bc2 d5 20. dxc5 dxc4 21. Ndxc4 Qxc5 22. Bb3 Ncd5 23. Nb5 Nb4 24. Qa3 Nd3 25. Rcd1 Qg5 26. Ncd6 Bxh3 27. Bg3 Bg4 28. Nxf7 Rxf7 29. Qe7 Rdf8 30. Rxd3 exd3 31. Nd6 Qd5 32. Bxd5 Nxd5 33. Qe4 Nf6 34. Qc4 Be2 35. Ra1 Nd7 36. Nxf7 Rxf7 37. e4 Bxb2 38. Rb1 Nb6 39. Qb5 Bd4 40. Qe8+ Rf8 41. Qe6+ Rf7 42. Bd6 Bxf2+ 43. Kh2 Kg7 44. Be5+ Kg8 45. Bc3 d2 46. Bxd2 Bc4 47. Qe8+ Rf8 48. Qe7 Rf7 49. Qd6 Rd7 50. Rxb6 Rxd6 51. Rxd6 Bb3 52. Bxa5 Bxa4 53. Bb6 Be1 54. g3 Kf7 55. Kg2 Ke7 56. Bc5 Kf7 57. e5 Bb3 58. Rf6+ Kg7 59. Bf8+ Kg8 60. Bh6 Bd5+ 61. Kf1 Bb4 62. Ke2 Be7 63. Rf4 g5 64. Rf2 b5 65. Kd3 b4 66. Kd4 Be6 67. Rc2 b3 68. Rc7 b2 69. Rb7 Ba3 70. Ke4 Ba2 71. Bxg5 b1=Q+ 72. Rxb1 Bxb1+ 73. Kf3 Kf7 74. Kg4 Ke6 75. Bf6 Be7 76. Bg7 Kf7 77. Bh6 Bf8 78. Bd2 Ke6 79. Bc3 Bg6 80. Kg5 Be7+ 81. Kg4 Bc5 82. Kf4 Kd5 83. Ba5 Be7 84. Bc7 h6 85. Bb8 Bg5+ 86. Kg4 Ke4 87. Bd6 Bf5+ 88. Kh5 Kf3 89. Bc7 Be6 90. Bd6 0-1

[Event "CAN-op (Pinnacle 48th CAN Op Ch)"]
[Site "Toronto CAN"]
[Date "2011.07.16"]
[Round "8"]
[White "Kleinman, Michael"]
[Black "Ivanov, Mike"]
[Result "1/2-1/2"]
[WhiteElo "2221"]
[BlackElo "1934"]
[WhiteFideId "-1"]
[WhiteFideId "-1"]
[PlyCount "117"]
[GameId "2160767909707470"]
[EventDate "2011.07.09"]
[EventType "swiss"]
[EventRounds "9"]
[EventCountry "CAN"]
[SourceTitle "CBM 143 Extra"]
[Source "ChessBase"]
[SourceDate "2011.08.29"]
[SourceVersion "1"]
[SourceVersionDate "2011.08.29"]
[SourceQuality "1"]

1. e4 c5 2. Nc3 a6 3. Nge2 g6 4. d4 cxd4 5. Qxd4 Nf6 6. Nd5 Bg7 7. Qb6 Nxd5 8. Qxd8+ Kxd8 9. exd5 b5 10. g3 Bb7 11. Bg2 d6 12. O-O Nd7 13. c3 Nb6 14. Rd1 Rc8 15. Rd3 Nc4 16. Nd4 Nb6 17. Nb3 Nc4 18. Nd4 Nb6 19. Nb3 Nc4 20. a3 Rc7 21. Ra2 a5 22. Be3 a4 23. Na1 Bc8 24. Be4 e5 25. dxe6 Nxe3 26. fxe3 Bxe6 27. Bd5 Re8 28. Bxe6 Rxe6 29. Nc2 Rce7 30. Ra1 Kd7 31. Rad1 Bh6 32. Kf2 f5 33. Re1 g5 34. Nd4 Re5 35. Nf3 R5e6 36. Nd4 Re5 37. Red1 g4 38. Nc2 R7e6 39. Re1 Bg5 40. Nd4 Re7 41. h4 Bh6 42. Re2 Re8 43. Nc2 Kc7 44. Nb4 R8e6 45. Re1 Kd7 46. Nc2 Kc7 47. Red1 Re7 48. R1d2 R7e6 49. Rd1 Re7 50. Ke2 R7e6 51. Rf1 Kd7 52. Kd2 Kc7 53. Nb4 Kd7 54. Nd5 Kc6 55. Nf4 Bxf4 56. Rxf4 d5 57. Rfd4 h5 58. Rf4 Kc5 59. Rfd4 1/2-1/2

[Event "CAN-op (Pinnacle 48th CAN Op Ch)"]
[Site "Toronto CAN"]
[Date "2011.07.17"]
[Round "9"]
[White "Ivanov, Mike"]
[Black "Larochelle, Martial"]
[Result "0-1"]
[WhiteElo "1934"]
[BlackElo "2086"]
[WhiteFideId "-1"]
[WhiteFideId "-1"]
[PlyCount "84"]
[GameId "2160767909707533"]
[EventDate "2011.07.09"]
[EventType "swiss"]
[EventRounds "9"]
[EventCountry "CAN"]
[SourceTitle "CBM 143 Extra"]
[Source "ChessBase"]
[SourceDate "2011.08.29"]
[SourceVersion "1"]
[SourceVersionDate "2011.08.29"]
[SourceQuality "1"]

1. e4 e5 2. Nf3 Nc6 3. d4 exd4 4. Nxd4 Nf6 5. Nc3 Bb4 6. Nxc6 bxc6 7. Bd3 d5 8. exd5 O-O 9. O-O cxd5 10. Bg5 c6 11. Qf3 Be7 12. Rfe1 h6 13. Bh4 Rb8 14. Rab1 Rb4 15. Bg3 Bd6 16. Ne2 Re8 17. Bxd6 Qxd6 18. h3 Qe5 19. c3 Rb6 20. Nd4 Qxe1+ 21. Rxe1 Rxe1+ 22. Kh2 c5 23. Nf5 c4 24. Qg3 Bxf5 25. Bxf5 Rxb2 26. f3 Ree2 27. a4 Nh5 28. Qg4 Nf6 29. Qg3 Rxg2+ 30. Qxg2 Rxg2+ 31. Kxg2 Kf8 32. Kf2 Ke7 33. Ke3 Kd6 34. Kd4 g5 35. Bc8 Ne8 36. Bf5 Ng7 37. Bh7 Ne6+ 38. Ke3 Ke5 39. Bg8 f5 40. Bf7 Nf4 41. h4 gxh4 42. a5 h3 0-1

[Event "CYCC U16"]
[Site "Richmond Hill CAN"]
[Date "2011.07.06"]
[Round "1"]
[White "Dawson, Mitchell"]
[Black "Ivanov, Mike"]
[Result "0-1"]
[WhiteElo "1362"]
[BlackElo "2100"]
[WhiteFideId "-1"]
[WhiteFideId "-1"]
[PlyCount "45"]
[GameId "2160767909704005"]
[EventDate "2011.07.06"]
[EventType "swiss"]
[EventRounds "7"]
[EventCountry "CAN"]
[SourceTitle "EXT 2022"]
[Source "ChessBase"]
[SourceDate "2021.10.06"]
[SourceVersion "1"]
[SourceVersionDate "2021.10.06"]
[SourceQuality "1"]

1. d4 Nf6 2. c4 g6 3. Nc3 Bg7 4. e4 O-O 5. Be3 d6 6. f3 Na6 7. Qd2 c5 8. d5 Rb8 9. Nb5 Bd7 10. Nxa7 Nb4 11. Nb5 Qa5 12. Nc3 e6 13. Bd3 b5 14. dxe6 fxe6 15. cxb5 Nxd3+ 16. Qxd3 Bxb5 17. Qc2 Nxe4 18. Bd2 Nxd2 19. Qxd2 Ba6 20. Ne4 Qxd2+ 21. Kxd2 Rxb2+ 22. Kc1 Bd3 23. Kd1 0-1

[Event "CYCC U16"]
[Site "Richmond Hill CAN"]
[Date "2011.07.06"]
[Round "2"]
[White "Ivanov, Mike"]
[Black "Gusev, Nikita"]
[Result "0-1"]
[WhiteElo "2100"]
[BlackElo "2223"]
[WhiteFideId "-1"]
[WhiteFideId "-1"]
[PlyCount "62"]
[GameId "2160767909704015"]
[EventDate "2011.07.06"]
[EventType "swiss"]
[EventRounds "7"]
[EventCountry "CAN"]
[SourceTitle "EXT 2022"]
[Source "ChessBase"]
[SourceDate "2021.10.06"]
[SourceVersion "1"]
[SourceVersionDate "2021.10.06"]
[SourceQuality "1"]

1. Nf3 Nf6 2. b3 b6 3. Bb2 Bb7 4. e3 e6 5. d4 Be7 6. Bd3 c5 7. Nbd2 cxd4 8. exd4 O-O 9. O-O Nc6 10. Re1 Nb4 11. Bf1 Rc8 12. c4 d5 13. a3 Nc6 14. Rc1 dxc4 15. bxc4 Qd6 16. Bd3 Rfd8 17. Bb1 Qf4 18. Qc2 Qh6 19. Rcd1 Bd6 20. Ne5 Ne7 21. Ndf3 Ng6 22. g3 Qh3 23. Qe2 Bxe5 24. dxe5 Rxd1 25. Rxd1 Nf4 26. gxf4 Bxf3 27. Qxf3 Qxf3 28. Rd3 Qg4+ 29. Kf1 Nh5 30. h3 Qxf4 31. Ke2 Qxc4 0-1